Integration of Commercially Available GPIB Controlled Programmable Power Supply with Automated Analogue Modules Test Set for Depot Level Testing of GRIFO Radar (Record no. 326499)

000 -LEADER
fixed length control field 00496 a2200133 4500
001 - CONTROL NUMBER
control field 91426
082 ## - DEWEY DECIMAL CLASSIFICATION NUMBER
Classification number PR 1324
090 ## - LOCALLY ASSIGNED LC-TYPE CALL NUMBER (OCLC); LOCAL CALL NUMBER (RLIN)
-- 43558
-- 43557
100 ## - MAIN ENTRY--PERSONAL NAME
Personal name Haider Ali; Prof Mudassar Mushtaq and Shahzad Arshad (Advisors)
245 ## - TITLE STATEMENT
Title Integration of Commercially Available GPIB Controlled Programmable Power Supply with Automated Analogue Modules Test Set for Depot Level Testing of GRIFO Radar
Number of part/section of a work 72 "B" EC
260 ## - PUBLICATION, DISTRIBUTION, ETC.
Place of publication, distribution, etc. Rawalpindi
Name of publisher, distributor, etc. NUST
Date of publication, distribution, etc. 2012
300 ## - PHYSICAL DESCRIPTION
Extent xi, 52p
500 ## - GENERAL NOTE
General note BE Project Reports
942 ## - ADDED ENTRY ELEMENTS (KOHA)
Institution code [OBSOLETE] CAE NUST
Call number prefix PR 1324
Holdings
Withdrawn status Lost status Damaged status Not for loan Collection code Permanent Location Current Location Date acquired Total Checkouts Full call number Barcode Date last seen Price effective from Koha item type
          College of Aeronautical Engineering (CAE) College of Aeronautical Engineering (CAE) 04/03/2017   PR 1324 CAEPR-1324 04/05/2017 04/05/2017 Book
© 2023 Central Library, National University of Sciences and Technology. All Rights Reserved.